Countries against condemning Iran in 2024 - Statistics

General Stats
  • This quiz has been taken 24 times
  • The average score is 19 of 31
Answer Stats
Hint Answer % Correct
Asia Iraq
95%
Asia China
85%
North America Cuba
85%
Europe Russia
85%
Asia (Until overthrow) Syria
85%
Asia North Korea
80%
South America (Would've) Venezuela
80%
Asia Vietnam
80%
Asia (Would've) Afghanistan
70%
Type Iran Iran
70%
Asia Tajikistan
70%
Asia Armenia
65%
Europe Belarus
65%
South America Bolivia
65%
Africa Niger
65%
Asia Oman
65%
Asia Pakistan
65%
Asia Turkmenistan
65%
Africa Algeria
60%
Asia (Junta would've) Myanmar
60%
Africa Sudan
60%
Asia Indonesia
55%
North America Nicaragua
55%
Africa Mali
50%
Asia Uzbekistan
50%
Africa Eritrea
45%
Africa Zimbabwe
45%
Asia Brunei
35%
Africa Burkina Faso
30%
Asia Sri Lanka
30%
Africa Burundi
25%
No matching quizzes found
Score Distribution
Percent of People with Each Score
Percentile by Number Answered
Your Score History
You have not taken this quiz